Cleveland Browns Starting Quarterbacks of Super Bowl Era - Statistics

General Stats
  • This quiz has been taken 169 times
    51 since last reset
  • The average score is 24 of 60
Answer Stats
Answer % Correct
Baker Mayfield
94%
Deshaun Watson
94%
Johnny Manziel
91%
Joe Flacco
85%
Jameis Winston
82%
Tim Couch
79%
Bernie Kosar
76%
Dorian Thompson-Robinson
76%
Tyrod Taylor
64%
Brady Quinn
61%
Brandon Weeden
61%
Brian Hoyer
61%
Brian Sipe
61%
Derek Anderson
61%
DeShone Kizer
61%
Jacoby Brissett
61%
Josh McCown
58%
Luke McCown
58%
Robert Griffin III
58%
Colt McCoy
55%
PJ Walker
52%
Vinny Testaverde
48%
Bailey Zappe
45%
Case Keenum
45%
Jason Campbell
45%
Seneca Wallace
45%
Jeff Garcia
42%
Spergon Wynn
42%
Trent Dilfer
42%
Kevin Hogan
36%
Thad Lewis
36%
Austin Davis
33%
Jeff Driskel
33%
Nick Mullens
33%
Ty Detmer
33%
Connor Shaw
30%
Jake Delhomme
30%
Kelly Holcomb
30%
Doug Pederson
27%
Bruce Gradkowski
24%
Charlie Frye
24%
Frank Ryan
24%
Ken Dorsey
24%
Mike Phipps
24%
Bill Nelsen
21%
Gary Danielson
18%
Don Strock
15%
Eric Zeier
15%
Mark Rypien
15%
Mike Pagel
15%
Paul McDonald
15%
Terry Luck
15%
Dave Mays
9%
Mike Tomczak
9%
Don Gault
6%
Gary Lane
6%
Jeff Christensen
6%
Todd Philcox
6%
Cody Kessier
3%
Will Cureton
3%
No matching quizzes found
Score Distribution
Percent of People with Each Score
Percentile by Number Answered
Your Score History
You have not taken this quiz since the last reset